Latein Vokabeln-Essen - Statistiken

Allgemein
  • Dieses Quiz wurde 119 mal gespielt
  • Das Durchschnittsergebnis liegt bei 7 aus 9
Antwortstatistiken
Vokabel Übersetzung % Korrekt
Olivae Olive
98%
Nut Nuss
91%
Vinum Wein
89%
Ham Schinken
82%
Panem Brot
78%
Lac Milch
69%
Caseus Käse
68%
Cenare Essen
61%
Cena Mahlzeit/Abendessen/Essen/Mahl/Speise
52%
Keine übereinstimmenden Quizze gefunden
Verteilung der Resultate
Anzahl Personen mit jedem Resultat
Perzentil nach korrekt beantworteten Fragen
Ihre Resultats-Entwicklung
Sie haben dieses Quiz noch nicht gespielt